000 00312nam a2200145 i 4500
001 bg
100 1 _aBAZYLOW, Ludwik
245 0 _aSyberia /
_cLudwik Bazylow.
260 _aWarszawa,
_c1975.
040 _cBPK
041 _apol
080 _a915.7
942 _cKS
008 s pl f |000 0 pol
999 _c26855
_d26855
856 _uhttp://koha.tu.koszalin.pl/cgi-bin/koha/opac-detail.pl?biblionumber=26855
_yKatalog online BPK